[Event "Managua Arellano Memorial"]
[Site "Managua"]
[Date "2023.08.05"]
[Round "7"]
[White "Velasquez, Rommel"]
[Black "Rocha, Maximiliano"]
[Result "1-0"]
[WhiteElo "1922"]
[BlackElo "2108"]
[PlyCount "115"]
[EventDate "2023.07.22"]
[EventType "swiss"]
[EventRounds "9"]
[EventCountry "NCA"]
[SourceTitle "EXT 2024"]
[Source "ChessBase"]
[SourceDate "2023.10.10"]
[SourceVersion "1"]
[SourceVersionDate "2023.10.10"]
[SourceQuality "1"]

1. d4 d5 2. c4 e6 3. Nc3 Nf6 4. Bg5 c6 5. Nf3 Nbd7 6. e3 Be7 7. Rc1 0-0 8. Bd3 h6 9. Bh4 a6 10. 0-0 dxc4 11. Bxc4 b5 12. Be2 c5 13. dxc5 Nxc5 14. Qxd8 Rxd8 15. Bxf6 Bxf6 16. b4 Nd3 17. Bxd3 Rxd3 18. Ne4 Bb7 19. Nc5 Bxf3 20. Nxd3 Be2 21. Nc5 Bxf1 22. Kxf1 a5 23. bxa5 Rxa5 24. Rc2 b4 25. Ne4 Ba1 26. Ke2 Ra3 27. Nc5 Be5 28. f4 Bf6 29. Nb3 e5 30. Kd3 Kh7 31. Kc4 exf4 32. exf4 Bc3 33. Nc5 Ra8 34. Nd3 Ra4 35. Re2 Kg6 36. Ne5+ Kf6 37. Nd7+ Kf5 38. Nb6 Ra6 39. Nd5 Kg4 40. Nxb4 Bxb4 41. Kxb4 Kxf4 42. a4 f5 43. a5 g5 44. Kb5 Ra8 45. a6 h5 46. Kb6 Rf8 47. a7 h4 48. Ra2 Kg4 49. a8Q Rxa8 50. Rxa8 h3 51. gxh3+ Kxh3 52. Ra2 f4 53. Kc5 g4 54. Kd4 g3 55. hxg3 fxg3 56. Ke3 g2 57. Kf2 g1Q+ 58. Kxg1 1-0

[Event "Managua Arellano Memorial"]
[Site "Managua"]
[Date "2023.07.29"]
[Round "4"]
[White "Velasquez, Rommel"]
[Black "Miranda Jarquin, Eduardo Modesto"]
[Result "1-0"]
[WhiteElo "1922"]
[BlackElo "1652"]
[PlyCount "89"]
[EventDate "2023.07.22"]
[EventType "swiss"]
[EventRounds "9"]
[EventCountry "NCA"]
[SourceTitle "EXT 2024"]
[Source "ChessBase"]
[SourceDate "2023.10.10"]
[SourceVersion "1"]
[SourceVersionDate "2023.10.10"]
[SourceQuality "1"]

1. e4 e6 2. d4 d5 3. Nc3 Nf6 4. Bg5 Be7 5. e5 Nfd7 6. Bxe7 Qxe7 7. Nb5 Qd8 8. Qg4 g6 9. h4 a6 10. Na3 c5 11. c3 h5 12. Qg5 Nc6 13. Qxd8+ Kxd8 14. Nc2 b5 15. f4 Bb7 16. Nf3 Ke7 17. Kf2 b4 18. cxb4 Nxb4 19. Nxb4 cxb4 20. Bd3 a5 21. Rhc1 Rhc8 22. Ke3 Nb6 23. Rxc8 Rxc8 24. b3 Rc3 25. Kd2 Bc6 26. Rc1 Rxc1 27. Kxc1 Na8 28. Kd2 Nc7 29. Ke3 Bb5 30. Bc2 Be8 31. Kd2 Nb5 32. Bd3 Na3 33. Ne1 Bb5 34. g3 Kd7 35. Bc2 Bf1 36. Nd3 Bxd3 37. Bxd3 Ke7 38. Ke3 Kf8 39. Kf3 Kg7 40. g4 Kh6 41. gxh5 gxh5 42. f5 exf5 43. Kf4 Kg6 44. Bxf5+ Kg7 45. Bd3 1-0

[Event "Managua Arellano Memorial"]
[Site "Managua"]
[Date "2023.07.22"]
[Round "1"]
[White "Ruiz Gutierrez, Francisco Gabriel"]
[Black "Velasquez, Rommel"]
[Result "0-1"]
[WhiteElo "1411"]
[BlackElo "1922"]
[PlyCount "84"]
[EventDate "2023.07.22"]
[EventType "swiss"]
[EventRounds "9"]
[EventCountry "NCA"]
[SourceTitle "EXT 2024"]
[Source "ChessBase"]
[SourceDate "2023.10.10"]
[SourceVersion "1"]
[SourceVersionDate "2023.10.10"]
[SourceQuality "1"]

1. Nf3 Nf6 2. g3 b5 3. Bg2 Bb7 4. 0-0 e6 5. d3 d5 6. c4 dxc4 7. dxc4 Qxd1 8. Rxd1 b4 9. Bf4 c5 10. Ne5 Bxg2 11. Kxg2 Nfd7 12. Nd2 Nxe5 13. Bxe5 Nc6 14. Nf3 f6 15. Bd6 0-0-0 16. Bxf8 Rhxf8 17. e3 Kc7 18. b3 a5 19. Nd2 f5 20. Nf3 h6 21. h4 Rxd1 22. Rxd1 a4 23. Kf1 axb3 24. axb3 Ra8 25. Nd2 Ra3 26. f4 Na5 27. Rb1 Kd6 28. e4 Nc6 29. e5+ Ke7 30. Ke2 Nd4+ 31. Kd3 Ra2 32. Ke3 Rc2 33. Ra1 Rc3+ 34. Kf2 Rd3 35. Ra2 Kf7 36. Rb2 Kg6 37. Kg2 Kh5 38. Kh3 Re3 39. Rb1 Ne2 40. Nf1 Nxf4+ 41. Kh2 Re2+ 42. Kh1 Nd3 0-1

[Event "Managua Bayardo Muniz Memorial 5th"]
[Site "Managua"]
[Date "2023.03.26"]
[Round "8"]
[White "Velasquez, Rommel"]
[Black "Quintero, Armando"]
[Result "1/2-1/2"]
[WhiteElo "1903"]
[BlackElo "1801"]
[PlyCount "104"]
[EventDate "2023.03.10"]
[EventType "tourn"]
[EventRounds "9"]
[EventCountry "NCA"]
[SourceTitle "EXT 2024"]
[Source "ChessBase"]
[SourceDate "2023.10.10"]
[SourceVersion "1"]
[SourceVersionDate "2023.10.10"]
[SourceQuality "1"]

1. d4 Nf6 2. c4 e6 3. g3 d5 4. Bg2 Bb4+ 5. Bd2 Bxd2+ 6. Nxd2 0-0 7. Ngf3 c5 8. cxd5 cxd4 9. Nxd4 exd5 10. 0-0 Nc6 11. Nxc6 bxc6 12. Nb3 Rb8 13. Rc1 Bd7 14. Qc2 Qc8 15. Rfd1 Re8 16. e3 Ne4 17. Nd2 Ng5 18. Nf3 Nh3+ 19. Bxh3 Bxh3 20. Rd4 Bf5 21. Qc3 Qa6 22. Rf4 Be4 23. a3 Qe2 24. Nd2 Bg6 25. b4 Rbc8 26. Nb3 Re4 27. Nd4 Qh5 28. Qc5 Rxd4 29. Rxd4 Qh3 30. Qxa7 Be4 31. Rxe4 dxe4 32. Qd4 Qe6 33. Rc5 Re8 34. Qc3 Qg4 35. Qd2 h5 36. h4 Re6 37. Rg5 Qf3 38. Qd8+ Kh7 39. Qd4 g6 40. Rc5 Rf6 41. Qd2 Qg4 42. a4 Qe6 43. Qc2 Qd6 44. a5 Rf3 45. Qxe4 Rf6 46. Rxh5+ Kg7 47. Rc5 Qd1+ 48. Kg2 Qe2 49. Qd4 Qxf2+ 50. Kh3 Qf1+ 51. Kg4 Qf3+ 52. Kh3 Qf1+ 1/2-1/2

[Event "Managua Bayardo Muniz Memorial 5th"]
[Site "Managua"]
[Date "2023.03.25"]
[Round "7"]
[White "Vasquez, Jose Luis"]
[Black "Velasquez, Rommel"]
[Result "0-1"]
[WhiteElo "1737"]
[BlackElo "1903"]
[PlyCount "118"]
[EventDate "2023.03.10"]
[EventType "tourn"]
[EventRounds "9"]
[EventCountry "NCA"]
[SourceTitle "EXT 2024"]
[Source "ChessBase"]
[SourceDate "2023.10.10"]
[SourceVersion "1"]
[SourceVersionDate "2023.10.10"]
[SourceQuality "1"]

1. d4 Nf6 2. Nf3 e6 3. g3 b6 4. Bg2 Bb7 5. 0-0 Be7 6. c4 0-0 7. Nc3 Ne4 8. Qc2 Nxc3 9. bxc3 f5 10. a4 Be4 11. Qb3 Nc6 12. Nd2 Bxg2 13. Kxg2 Na5 14. Qc2 c5 15. d5 e5 16. e4 f4 17. Qd3 d6 18. Qe2 Qd7 19. f3 Bg5 20. g4 Bh4 21. Rg1 Rf6 22. Kf1 Rh6 23. Qg2 Bg5 24. Ke2 Rf8 25. Kd3 Qb7 26. Rb1 Qa6 27. Rb5 Rff6 28. Rh1 Rh4 29. Rd1 Rfh6 30. Nf1 Nxc4 31. Qc2 Na5 32. c4 Rh3 33. Bd2 Rxf3+ 34. Ke2 Rfh3 35. Kf2 R6h4 36. Rdb1 h6 37. Ke1 Rxg4 38. Bxa5 bxa5 39. Rb8+ Kh7 40. R1b5 Bh4+ 41. Kd1 Rg1 42. Qe2 f3 43. Qd3 Rxh2 44. Qxf3 Rf2 45. Qxf2 Bxf2 46. Ke2 Bh4 47. R8b7 Rg2+ 48. Kf3 Rf2+ 49. Kg4 Rxf1 50. Kxh4 Kg6 51. Rc7 Rf4+ 52. Kg3 Rxe4 53. Rc6 Qxb5 54. Rxd6+ Kf5 55. axb5 Rxc4 56. Ra6 Rc3+ 57. Kf2 Rd3 58. Rxa7 Rxd5 59. Rxg7 c4 0-1

[Event "Managua Bayardo Muniz Memorial 5th"]
[Site "Managua"]
[Date "2023.03.19"]
[Round "6"]
[White "Velasquez, Rommel"]
[Black "Quintanilla, Marvin"]
[Result "1/2-1/2"]
[WhiteElo "1903"]
[BlackElo "1865"]
[PlyCount "37"]
[EventDate "2023.03.10"]
[EventType "tourn"]
[EventRounds "9"]
[EventCountry "NCA"]
[SourceTitle "EXT 2024"]
[Source "ChessBase"]
[SourceDate "2023.10.10"]
[SourceVersion "1"]
[SourceVersionDate "2023.10.10"]
[SourceQuality "1"]

1. d4 d5 2. c4 c6 3. Nf3 Nf6 4. Nc3 e6 5. Bg5 Nbd7 6. e3 Qa5 7. Nd2 Bb4 8. Qc2 dxc4 9. Bxf6 Nxf6 10. Nxc4 Qc7 11. a3 Be7 12. Be2 0-0 13. 0-0 Bd7 14. Rac1 c5 15. Ne5 cxd4 16. exd4 Rac8 17. Qd2 Qd6 18. Nxd7 Qxd7 19. Rfd1 1/2-1/2

[Event "Managua Ramirez de Arellano Memorial"]
[Site "Managua"]
[Date "2022.07.30"]
[Round "4"]
[White "Velasquez, Rommel"]
[Black "Ortiz Bermudez, Victor Francisco"]
[Result "1/2-1/2"]
[WhiteElo "1922"]
[BlackElo "1246"]
[PlyCount "27"]
[EventDate "2022.07.23"]
[EventType "swiss"]
[EventRounds "9"]
[EventCountry "NCA"]
[SourceTitle "EXT 2024"]
[Source "ChessBase"]
[SourceDate "2023.10.10"]
[SourceVersion "1"]
[SourceVersionDate "2023.10.10"]
[SourceQuality "1"]

1. e4 c5 2. Nf3 d6 3. d4 cxd4 4. Nxd4 Nf6 5. Nc3 g6 6. Be3 Bg7 7. f3 0-0 8. Bc4 Nc6 9. Qd2 Bd7 10. Bb3 Nxd4 11. Bxd4 b5 12. Nd5 Nxd5 13. Bxd5 a5 14. Bxg7 1/2-1/2

[Event "Managua Ramirez de Arellano Memorial"]
[Site "Managua"]
[Date "2022.07.24"]
[Round "3"]
[White "Diego Martinez, Humberto Jose"]
[Black "Velasquez, Rommel"]
[Result "0-1"]
[WhiteElo "2076"]
[BlackElo "1922"]
[PlyCount "110"]
[EventDate "2022.07.23"]
[EventType "swiss"]
[EventRounds "9"]
[EventCountry "NCA"]
[SourceTitle "EXT 2024"]
[Source "ChessBase"]
[SourceDate "2023.10.10"]
[SourceVersion "1"]
[SourceVersionDate "2023.10.10"]
[SourceQuality "1"]

1. e4 c5 2. Nf3 d6 3. d4 cxd4 4. Nxd4 Nf6 5. Nc3 Nc6 6. Bg5 Bd7 7. Qd2 Rc8 8. 0-0-0 Nxd4 9. Qxd4 Qa5 10. Bxf6 gxf6 11. Kb1 Qc5 12. Qd2 h5 13. f4 Bh6 14. g3 a6 15. Be2 Bg7 16. Bf3 Bc6 17. Rhe1 Kf8 18. f5 Bh6 19. Qe2 h4 20. Nd5 Bb5 21. Qg2 h3 22. Qg1 Qxc2+ 23. Ka1 Qc5 24. Qh1 Qf2 25. e5 dxe5 26. Be4 Bd2 27. Rg1 Bg5 28. Nc3 Rxc3 29. Rd8+ Kg7 30. Rxh8 Kxh8 31. bxc3 Bc4 32. Bb1 Bd2 33. Rc1 Bxc1 34. Qxc1 Qxh2 35. Qh6+ Kg8 36. Qh4 b5 37. Qg4+ Kf8 38. Qh4 Ke8 39. Qh8+ Kd7 40. Qa8 Qg2 41. Qa7+ Kc8 42. Qxe7 Qc6 43. Qf8+ Kd7 44. Qh8 Bd3 45. Bxd3 Qxc3+ 46. Kb1 Qxd3+ 47. Kb2 Qxf5 48. Qa8 Qf2+ 49. Kb3 Qxg3+ 50. Kb4 Qe1+ 51. Kb3 Qd1+ 52. Kc3 Qc1+ 53. Kb4 Qc4+ 54. Ka5 b4 55. Ka4 Qc6+ 0-1

[Event "NCA-ch sf"]
[Site "Managua"]
[Date "2022.02.27"]
[Round "9"]
[White "Velasquez, Rommel"]
[Black "Castillo Sevilla, Ian Eiffel"]
[Result "1/2-1/2"]
[WhiteElo "1921"]
[BlackElo "2062"]
[PlyCount "75"]
[EventDate "2022.02.12"]
[EventType "swiss"]
[EventRounds "9"]
[EventCountry "NCA"]
[SourceTitle "EXT 2023"]
[Source "ChessBase"]
[SourceDate "2022.10.05"]
[SourceVersion "1"]
[SourceVersionDate "2022.10.05"]
[SourceQuality "1"]

1. e4 c6 2. d4 d5 3. Nc3 dxe4 4. Nxe4 Bf5 5. Ng3 Bg6 6. N1e2 Nf6 7. Nf4 e5 8. Nxg6 hxg6 9. dxe5 Qa5+ 10. Bd2 Qxe5+ 11. Qe2 Bd6 12. Bf4 Qxe2+ 13. Nxe2 Bxf4 14. Nxf4 Nbd7 15. f3 0-0-0 16. 0-0-0 g5 17. Nd3 Rhe8 18. g3 Re3 19. Bh3 Kc7 20. Bxd7 Rxd7 21. Rde1 Rde7 22. Kd2 Rxe1 23. Rxe1 Rxe1 24. Kxe1 Kd6 25. Kd2 Kd5 26. Ke3 c5 27. c4+ Kd6 28. h3 b6 29. f4 gxf4+ 30. Kxf4 Ke6 31. g4 Ne8 32. h4 Nd6 33. b3 f6 34. Nf2 Nf7 35. Nd3 g5+ 36. hxg5 fxg5+ 37. Ke4 Nd6+ 38. Ke3 1/2-1/2

[Event "NCA-ch Fase 2"]
[Site "Managua"]
[Date "2022.01.30"]
[Round "5"]
[White "Rios Borgen, Edgard Jose"]
[Black "Velasquez, Rommel"]
[Result "0-1"]
[WhiteElo "1776"]
[BlackElo "1921"]
[PlyCount "104"]
[EventDate "2022.01.22"]
[EventType "swiss"]
[EventRounds "9"]
[EventCountry "NCA"]
[SourceTitle "CBM 207 Extra"]
[Source "ChessBase"]
[SourceDate "2022.05.31"]
[SourceVersion "1"]
[SourceVersionDate "2022.05.31"]
[SourceQuality "1"]

1. d4 Nf6 2. Bf4 b6 3. e3 Bb7 4. Nf3 e6 5. Nbd2 d5 6. Bd3 Bd6 7. Ne5 0-0 8. Qf3 Qe7 9. h4 Nc6 10. c3 Bxe5 11. dxe5 Nd7 12. Bxh7+ Kxh7 13. Qh5+ Kg8 14. Nf3 Rfe8 15. Rh3 g6 16. Qg4 Kg7 17. h5 Rh8 18. 0-0-0 Rag8 19. Rdh1 Kf8 20. hxg6 Rxh3 21. Qxh3 fxg6 22. Ng5 Ke8 23. Nxe6 Nc5 24. Nxc5 bxc5 25. Qg3 Bc8 26. e6 Bxe6 27. Bxc7 Bf5 28. Rh4 g5 29. Ra4 c4 30. Qd6 Qxd6 31. Bxd6 Kd7 32. Bc5 a5 33. b4 Rb8 34. f3 Rb5 35. g3 Rxc5 36. bxc5 Kc7 37. e4 Be6 38. exd5 Bxd5 39. f4 gxf4 40. gxf4 Kb7 41. Kd2 Ka6 42. f5 Kb5 43. Ra3 Kxc5 44. Ke3 Kb5 45. Kf4 a4 46. f6 Ka5 47. Kf5 Bf7 48. Ke4 Na7 49. Ke5 Nb5 50. Rxa4+ Kxa4 51. Ke4 Nxc3+ 52. Kd4 Nxa2 0-1

[Event "NCA-ch Fase 2"]
[Site "Managua"]
[Date "2022.01.22"]
[Round "1"]
[White "Altamirano Beteta, Alexander Jose"]
[Black "Velasquez, Rommel"]
[Result "0-1"]
[WhiteElo "1492"]
[BlackElo "1921"]
[PlyCount "58"]
[EventDate "2022.01.22"]
[EventType "swiss"]
[EventRounds "9"]
[EventCountry "NCA"]
[SourceTitle "CBM 207 Extra"]
[Source "ChessBase"]
[SourceDate "2022.05.31"]
[SourceVersion "1"]
[SourceVersionDate "2022.05.31"]
[SourceQuality "1"]

1. e4 c5 2. Nf3 d6 3. c3 Nf6 4. Be2 Nc6 5. d4 e5 6. dxc5 dxc5 7. Bd2 Nxe4 8. Nxe5 Qf6 9. Nf3 Be7 10. Be3 0-0 11. 0-0 Bf5 12. Nbd2 Rad8 13. Nxe4 Bxe4 14. Qc1 Ne5 15. Nxe5 Qxe5 16. Re1 Bd6 17. g3 Bc6 18. Bf1 Qd5 19. f3 Qxf3 20. Re2 Qh1+ 21. Kf2 Qxh2+ 22. Ke1 Bxg3+ 23. Bf2 Bf3 24. Qe3 Qh1 25. Rd2 Rde8 26. Rd3 Rxe3+ 27. Rxe3 Bf4 28. Re7 Rd8 29. Bxc5 Qh4+ 0-1

[Event "NCA-chT fase1"]
[Site "Managua"]
[Date "2019.10.06"]
[Round "5.3"]
[White "Ruiz Gonzales, Francisco Rene"]
[Black "Velasquez, Rommel"]
[Result "1/2-1/2"]
[WhiteElo "1668"]
[BlackElo "2039"]
[PlyCount "50"]
[EventDate "2019.09.28"]
[EventType "team-swiss"]
[EventRounds "9"]
[EventCountry "NCA"]
[SourceTitle "CBM 194 Extra"]
[Source "ChessBase"]
[SourceDate "2020.03.31"]
[SourceVersion "1"]
[SourceVersionDate "2020.03.31"]
[SourceQuality "1"]
[WhiteTeam "Universidad de Ingenieria"]
[BlackTeam "Clemente Guido"]
[WhiteTeamCountry "NCA"]
[BlackTeamCountry "NCA"]

1. d4 d5 2. Nf3 c6 3. Bf4 Bf5 4. c3 e6 5. e3 Nf6 6. Bd3 Ne4 7. Qc2 Bd6 8. Bxd6 Nxd6 9. Bxf5 Nxf5 10. Nbd2 0-0 11. 0-0 Nd6 12. e4 Nxe4 13. Nxe4 dxe4 14. Qxe4 Qd5 15. Qxd5 cxd5 16. Rfe1 Nc6 17. Ne5 Nxe5 18. Rxe5 b5 19. a4 Rab8 20. axb5 Rxb5 21. c4 Rxb2 22. cxd5 exd5 23. Rxd5 g6 24. g3 Rc8 25. Rc5 Rxc5 1/2-1/2

[Event "NCA-chT fase1"]
[Site "Managua"]
[Date "2019.09.29"]
[Round "3.3"]
[White "Martinez, Carlos Fernando"]
[Black "Velasquez, Rommel"]
[Result "0-1"]
[WhiteElo "1905"]
[BlackElo "2039"]
[PlyCount "108"]
[EventDate "2019.09.28"]
[EventType "team-swiss"]
[EventRounds "9"]
[EventCountry "NCA"]
[SourceTitle "CBM 194 Extra"]
[Source "ChessBase"]
[SourceDate "2020.03.31"]
[SourceVersion "1"]
[SourceVersionDate "2020.03.31"]
[SourceQuality "1"]
[WhiteTeam "Yader Cabrera"]
[BlackTeam "Clemente Guido"]
[WhiteTeamCountry "NCA"]
[BlackTeamCountry "NCA"]

1. d4 d5 2. c4 c6 3. cxd5 cxd5 4. Nc3 Nc6 5. Nf3 Nf6 6. h3 Bf5 7. e3 e6 8. Bd3 Bg6 9. 0-0 Be7 10. a3 Rc8 11. Bxg6 hxg6 12. b3 Ne4 13. Bb2 Bf6 14. Qd3 Nd6 15. Nb5 Nxb5 16. Qxb5 Qb6 17. Qxb6 axb6 18. b4 Kd7 19. Rfc1 Na7 20. Kf1 Nb5 21. Ke2 Nd6 22. Nd2 b5 23. Rxc8 Rxc8 24. Rc1 Nc4 25. Nxc4 bxc4 26. Bc3 Ra8 27. Ra1 Ra4 28. Kd2 Kc6 29. Kc2 Kb5 30. Kb2 Ra8 31. Rd1 g5 32. f3 g6 33. e4 Rh8 34. exd5 exd5 35. Re1 Rh4 36. Rd1 Bg7 37. Kc2 f5 38. Rh1 g4 39. a4+ Kxa4 40. Ra1+ Kb5 41. Ra5+ Kc6 42. Rc5+ Kd6 43. fxg4 fxg4 44. Rb5 gxh3 45. gxh3 Bxd4 46. Bxd4 Rxd4 47. Rxb7 Rh4 48. Rg7 Rxh3 49. Rxg6+ Ke5 50. b5 Kd4 51. b6 Rb3 52. Rc6 Rb5 53. Kc1 Kc3 54. Rh6 d4 0-1

[Event "NCA-chT fase1"]
[Site "Managua"]
[Date "2019.09.28"]
[Round "1.3"]
[White "Godoy Barbosa, Jaime"]
[Black "Velasquez, Rommel"]
[Result "0-1"]
[WhiteElo "1514"]
[BlackElo "2039"]
[PlyCount "70"]
[EventDate "2019.09.28"]
[EventType "team-swiss"]
[EventRounds "9"]
[EventCountry "NCA"]
[SourceTitle "CBM 194 Extra"]
[Source "ChessBase"]
[SourceDate "2020.03.31"]
[SourceVersion "1"]
[SourceVersionDate "2020.03.31"]
[SourceQuality "1"]
[WhiteTeam "Sunrise CC"]
[BlackTeam "Clemente Guido"]
[WhiteTeamCountry "NCA"]
[BlackTeamCountry "NCA"]

1. Nf3 d5 2. c4 c6 3. cxd5 cxd5 4. d4 Nf6 5. Nc3 Nc6 6. g3 Bf5 7. Bg2 e6 8. 0-0 Be7 9. a3 0-0 10. Nh4 Bg6 11. Nxg6 hxg6 12. e3 Rc8 13. Bd2 Na5 14. Ne2 Nc4 15. Bc3 Ne4 16. Bxe4 dxe4 17. Re1 g5 18. Qb3 Qd5 19. Qd1 a5 20. Rc1 b5 21. Rb1 b4 22. axb4 axb4 23. Bd2 g6 24. b3 Na3 25. Rc1 Kg7 26. Kg2 Rh8 27. h3 Qf5 28. Ng1 Nb5 29. Rc4 Na3 30. Rc1 Qd5 31. Re2 g4 32. hxg4 Qg5 33. Re1 Qh6 34. Qe2 Qh1+ 35. Kf1 Rh2 0-1

[Event "NCA-ch"]
[Site "Managua"]
[Date "2019.03.17"]
[Round "11"]
[White "Velasquez, Rommel"]
[Black "Espinoza Solano, Jose Nahum"]
[Result "1-0"]
[WhiteElo "2011"]
[BlackElo "1985"]
[PlyCount "33"]
[EventDate "2019.03.02"]
[EventType "tourn"]
[EventRounds "11"]
[EventCountry "NCA"]
[SourceTitle "EXT 2020"]
[Source "ChessBase"]
[SourceDate "2019.10.17"]
[SourceVersion "1"]
[SourceVersionDate "2019.10.17"]
[SourceQuality "1"]

1. e4 e5 2. Nf3 Nc6 3. Bb5 Nf6 4. Nc3 a6 5. Bxc6 dxc6 6. Nxe5 Nxe4 7. Nxe4 Qd4 8. 0-0 Qxe5 9. Re1 Be6 10. d4 Qd5 11. Ng5 0-0-0 12. Nxe6 fxe6 13. Qe2 Qxd4 14. Qxe6+ Kb8 15. Bg5 Rc8 16. Qxc8+ Kxc8 17. Re8+ 1-0

[Event "NCA-ch"]
[Site "Managua"]
[Date "2019.03.03"]
[Round "3"]
[White "Castillo, Rommel"]
[Black "Velasquez, Rommel"]
[Result "1/2-1/2"]
[WhiteElo "2027"]
[BlackElo "2011"]
[PlyCount "120"]
[EventDate "2019.03.02"]
[EventType "tourn"]
[EventRounds "11"]
[EventCountry "NCA"]
[SourceTitle "EXT 2020"]
[Source "ChessBase"]
[SourceDate "2019.10.17"]
[SourceVersion "1"]
[SourceVersionDate "2019.10.17"]
[SourceQuality "1"]

1. c4 c6 2. b3 d5 3. e3 Bf5 4. Bb2 e6 5. Nf3 Nd7 6. Be2 Ngf6 7. 0-0 Bd6 8. d4 0-0 9. Nbd2 Ne4 10. Nxe4 Bxe4 11. Rc1 Qe7 12. Nd2 Bg6 13. f4 f5 14. c5 Bc7 15. b4 a6 16. a4 Nf6 17. Qb3 Bh5 18. Nf3 Ne4 19. Rc2 Bxf3 20. gxf3 Nf6 21. Bd3 Nh5 22. Bc1 Rf6 23. Rg2 Rg6 24. Rff2 Qh4 25. Bb2 Qh3 26. Qd1 Qh4 27. Rxg6 hxg6 28. Rg2 Qf6 29. Qe2 Kf7 30. Qf2 Rh8 31. Bc1 Qe7 32. Qe1 Qf6 33. Qc3 Qe7 34. Bd2 Ra8 35. Qc1 Qf6 36. Bc3 Qe7 37. Bf1 Rh8 38. Be1 Nf6 39. b5 axb5 40. axb5 Ra8 41. Rb2 Nd7 42. Qb1 g5 43. bxc6 bxc6 44. Rb7 Rb8 45. Rxb8 Nxb8 46. Bd2 gxf4 47. exf4 Qf6 48. Be3 Bxf4 49. Qb7+ Kg6 50. Bf2 Qf7 51. Qc8 Kh7 52. Bd3 Qg6+ 53. Kf1 Bxh2 54. Be3 Qh5 55. Ke2 Qh4 56. Bxf5+ exf5 57. Qxf5+ Kg8 58. Qe6+ Kf8 59. Qf5+ Ke8 60. Qe6+ Qe7 1/2-1/2